Projekt NUPPU

Na minha lista:
Detalhes bibliográficos
Autor principal: Gottwald, Martin (Author)
Outros Autores: Funtík, Tomáš (Thesis advisor)
Formato: Manuscrito Livro
Idioma:eslovaco
Publicado em: 2021
Assuntos:
Acesso em linha:http://is.stuba.sk/zp/portal_zp.pl?podrobnosti=158568
https://opac.crzp.sk/?fn=detailBiblioForm&sid=1D055279E2D1258CBA782E1E7F1A
Tags: Adicionar Tag
Sem tags, seja o primeiro a adicionar uma tag!

MARC

LEADER 00000ntm a22000003a 4500
001 stuzp84961
003 SK-STU
005 20230512101649.8
007 ta
008 150427s2015----xo-----f-mn---000-0-slo-d
040 |a STU  |b slo 
041 0 |a slo 
100 1 |a Gottwald, Martin  |u 010270  |4 aut  |U SvF Stavebná fakulta  |T SvF Katedra technológie stavieb  |X 87343  |U V270  |Y 28  |7 87343 
242 0 1 |a Project NUPPU  |y eng 
245 1 0 |a Projekt NUPPU 
260 |c 2021 
650 4 |a Modelovanie  |2 slo 
650 4 |a POV  |2 slo 
650 4 |a BIM  |2 slo 
650 4 |a Zariadenie staveniska  |2 slo 
650 4 |a Stropné debnenie  |2 slo 
650 4 |a Časový plán výstavby  |2 slo 
650 4 |a Construction schedule  |2 eng 
650 4 |a Floor formwork  |2 eng 
650 4 |a Modeling  |2 eng 
650 4 |a BIM  |2 eng 
650 4 |a Construction technology project  |2 eng 
650 4 |a Construction site equipment  |2 eng 
700 1 |a Funtík, Tomáš  |u 010270  |k Z1  |4 ths  |U SvF Stavebná fakulta  |T SvF Katedra technológie stavieb  |X 22617  |U V270  |Y 28  |7 A000022617 
856 4 |u http://is.stuba.sk/zp/portal_zp.pl?podrobnosti=158568 
856 4 |u https://opac.crzp.sk/?fn=detailBiblioForm&sid=1D055279E2D1258CBA782E1E7F1A